Aritmética (Registro nro. 11409)

Detalles MARC
000 -LIDER
fixed length control field 00807nam a22002657a 4500
001 - NÚMERO DE CONTROL
Identificador de número de control 0011407
003 - IDENTIFICACDOR DE NÚMERO DE CONTROL
control field DO-SdBNP
005 - DATE AND TIME OF LATEST TRANSACTION
control field 20220526122900.0
007 - CAMPOS FIJOS DE DESCRIPCIÓN FÍSICA
fixed length control field 0011407
008 - ELEMENTOS DE LONGITUD FIJA
fixed length control field 160915b 2006 sp |||| 00| 0 spa d
020 ## - ISBN
International Standard Book Number 9972209113
040 ## - FUENTE DE CATALOGACIÓN
Agencia que crea de manera original el registro BPMSU
Idioma de catalogación spa
Agencia que realiza la transcripción BPMSU
082 ## - NÚMERO DE CLASIFICACIÓN DECIMAL DE DEWEY
Classification number 510.76
Item number A699t 2006
Edition number 22
245 00 - MENCIÓN DE TITULO
Título Aritmética
Subtítulo
246 14 - VARIACION DEL TÍTULO
Título propiamente dicho o título corto Manual de preparación pre-universitaria :
Subtítulo aritmética. Teoría, conceptos, ejercicios y propuestas
260 ## - PUBLICACIÓN, DISTRIBUCIÓN, ETC. (PIE DE IMPRENTA)
Lugar de publicación, distribución, etc Barcelona :
Nombre del editor, distribuidor, etc. Lexus Editores,
Fecha de publicación, distribución, etc 2006
300 ## - DESCRIPCIÓN FÍSICA
Extensión 344 p. :
Otros detalles físicos il.;
Dimensiones 27 cm.
590 ## - NOTA LOCAL
Enlace Inventariado, 2022/VM
650 #4 - ENCABEZAMIENTO DE MATERIA--TEMÁTICO
Término temático o nombre geográfico como elemento de entrada Matemática
Subdivisión de forma Problemas, ejercicios, etc.
650 #4 - ENCABEZAMIENTO DE MATERIA--TEMÁTICO
Término temático o nombre geográfico como elemento de entrada Matemáticas.
Subdivisión temática general Metodología
Subdivisión de forma
710 2# - ASIENTO SECUNDARIO -- NOMBRE CORPORATIVO
Nombre corporativo o de jurisdicción Lexus Editores
910 ## - VALIDACIÓN
Validación VMateo V.
942 ## - ADDED ENTRY ELEMENTS (KOHA)
Source of classification or shelving scheme Dewey Decimal Classification
Koha item type Libros
956 ## - LOCAL ELECTRONIC LOCATION AND ACCESS (OCLC)
Nombre de host BTAVÁREZ
Número de acceso 10
Información de compresión 20161509
Trayectoria 0011407
Existencias
Withdrawn status Lost status Source of classification or shelving scheme Damaged status Not for loan Collection code Home library Current library Date acquired Source of acquisition Full call number Barcode Date last seen Price effective from Koha item type Copy number
    Dewey Decimal Classification     Colección Dominicana Biblioteca Pública Metropolitana Salomé Ureña Biblioteca Pública Metropolitana Salomé Ureña 09/15/2016 Compra BPMSU CG 510.76 A699t 2006 BPMSU16090344 09/15/2016 09/15/2016 Libros  
    Dewey Decimal Classification     Colección General Biblioteca Pública Metropolitana Salomé Ureña Biblioteca Pública Metropolitana Salomé Ureña 09/15/2016 Compra BPMSU CG 510.76 A699t 2006 BPMSU16090345 09/15/2016 09/15/2016 Libros e.2